| 000 | 00943nam a22002657a 4500 | ||
|---|---|---|---|
| 005 | 20240530110907.0 | ||
| 008 | 220301s2007 sy g b 000 0 ara d | ||
| 040 |
_aEG-CaGPL _cEG-CaGPL |
||
| 082 | 0 | 4 |
_221 _a322.43/ _bف ت |
| 100 | 0 | _aفايز على سلهب | |
| 245 | 1 | 2 |
_aالتكفير والتكفير المضاد : _bدراسة / _cفايز على سلهب |
| 250 | _aط.2 | ||
| 260 |
_aدمشق : _bدار الفرقد، _c2007. |
||
| 300 |
_a230 ص. ؛ _c24 سم. |
||
| 504 | _aيشتمل على ارجاعات ببليوجرافية | ||
| 650 | 0 | 7 |
_2qrmak _aالجماعات الضاغطة |
| 650 | 0 | 7 |
_2qrmak _aالتكتلات السياسية |
| 650 | 0 | 7 |
_2qrmak _aالمساومة الجماعية |
| 650 | 0 | 7 |
_2qrmak _aالنشاط السياسى |
| 650 | 0 | 7 |
_2qrmak _aالضغط الدولى |
| 650 | 0 | 7 |
_2qrmak _aالتكفير |
| 651 | _2qrmak | ||
| 942 |
_2ddc _cBK |
||
| 999 |
_c66229 _d66229 |
||